000 01138nam a22002897a 4500
999 _c63278
_d63278
005 20240530110632.0
008 161115s2014 ua g b 000 0 ara d
017 _a2013/8969
_bمصر . دار الكتب المصرية
020 _a9789772160907
040 _aEG-CaGPL
082 0 4 _221
_a306\
_bأ ت
100 1 _aاريكسن ، توماس هيلاند .
245 1 0 _aتاريخ الانثروبولوجيا /
_bتاليف توماس هيلاند اريكسن ، فين سيفرت نيلسن ؛ ترجمة و تقديم عبده الريس .
250 _aط.1
260 _aالقاهرة :
_bالمركز القومى للترجمة ،
_c2014 .
300 _a325 ص ؛
_c24 سم .
490 0 _aالمركز القومى للترجمة ؛
_v2152
600 0 _aمالينوفسكى .
600 0 _aراد كليف براون .
650 0 7 _aالانثروبولوجيا .
650 0 7 _aالانثروبولوجيا
_xتاريخ
700 0 _aمحمود حسين
_eمؤلف مشارك
700 0 _aطه شريف
_eمترجم
700 0 _aاحمد سيد
_eمراجع
942 _2ddc
_cBK